Intermediate business statistics : analysis of variance, regression and time series

Αποθηκεύτηκε σε:
Λεπτομέρειες βιβλιογραφικής εγγραφής
Κύριος συγγραφέας: Miller, Robert B. (Robert Burnham) 1942-
Άλλοι συγγραφείς: Wichern, Dean W.
Μορφή: Βιβλίο
Γλώσσα:English
Δημοσίευση: Fort Worth, Philadelphia : The Dryden Press, Harcourt BraceJovanovich Publishers, c1977
Σειρά:Series in quantitative methods for decision making
Θέματα:
Ετικέτες: Προσθήκη ετικέτας
Δεν υπάρχουν, Καταχωρήστε ετικέτα πρώτοι!

MARC

LEADER 00000nam a2200000 i 4500
001 1/69209
008 020604s1977 eng d
020 |a 0534510833 
035 |l 10002206 
040 |a GR-MY-UA  |b gre  |e aacr 
041 0 |a eng 
082 0 |a 519.5 
100 1 |a Miller, Robert B.  |q (Robert Burnham)  |d 1942- 
245 1 0 |a Intermediate business statistics :  |b analysis of variance, regression and time series /  |c Robert B. Miller, Dean W. Wichern 
260 |a Fort Worth, Philadelphia :   |b The Dryden Press,   |b Harcourt BraceJovanovich Publishers,   |c c1977 
300 |a xiv, 525 p.;  |b ill.;  |c 25 cm. 
490 1 |a Series in quantitative methods for decision making 
504 |a Includes bibliographical references and index 
650 0 0 |a Statistics. 
650 0 0 |a Business  |x Mathematical models. 
700 1 |a Wichern, Dean W. 
830 0 |a Series in quantitative methods for decision making 
852 |a INST  |b SAMOS  |e 20020604  |h 519.5 MIL  |p 005300024484  |q 005300024484  |t BK  |y 0 
901 |a BIBL3-2002-2 
909 |a Σ  |b 102178 
922 |a 3ΕΛΗ  |b 200202  |c ΤΜΗΜΑ ΜΑΘΗΜΑΤΙΚΩΝ  |d ΠΑΠΑΣΩΤΗΡΙΟΥ 
950 |a 116-2002-02-20 
970 |z 2002/05/